| 000 | 00365nam a2200145Ia 4500 | ||
|---|---|---|---|
| 005 | 20250318020056.0 | ||
| 008 | 240331s9999 xx 000 0 und d | ||
| 082 |
_bKRI _a894 |
||
| 100 | _aKrishnaraja, S | ||
| 245 | 0 | _aVimarisana muraiyiyal | |
| 260 |
_aMadras _bSouth Asian Books _c1992 |
||
| 300 | _a86 p ., | ||
| 500 | _aA book of Vimarisana Meiyiyal | ||
| 942 | _cL | ||
| 999 |
_c4198 _d4198 |
||